<?xml version="1.0" encoding="UTF-8"?>
<record
    xmlns:xsi="http://www.w3.org/2001/XMLSchema-instance"
    xsi:schemaLocation="http://www.loc.gov/MARC21/slim http://www.loc.gov/standards/marcxml/schema/MARC21slim.xsd"
    xmlns="http://www.loc.gov/MARC21/slim">

  <leader>00309nam a22000977a 4500</leader>
  <datafield tag="999" ind1=" " ind2=" ">
    <subfield code="c">533353</subfield>
    <subfield code="d">533353</subfield>
  </datafield>
  <datafield tag="082" ind1=" " ind2=" ">
    <subfield code="a">B811x54 H534</subfield>
  </datafield>
  <datafield tag="245" ind1=" " ind2=" ">
    <subfield code="a">High- Level Committee on Union- State relations report, Part-1</subfield>
    <subfield code="c">by Government of Tamilnadu</subfield>
  </datafield>
  <datafield tag="260" ind1=" " ind2=" ">
    <subfield code="a">New Delhi</subfield>
    <subfield code="b">Bloomsbury</subfield>
    <subfield code="c">2026</subfield>
  </datafield>
  <datafield tag="300" ind1=" " ind2=" ">
    <subfield code="a">387p.</subfield>
  </datafield>
  <datafield tag="650" ind1=" " ind2=" ">
    <subfield code="a">Federal government - India</subfield>
    <subfield code="9">60605</subfield>
  </datafield>
  <datafield tag="952" ind1=" " ind2=" ">
    <subfield code="0">0</subfield>
    <subfield code="1">0</subfield>
    <subfield code="2">ddc</subfield>
    <subfield code="4">0</subfield>
    <subfield code="6">B_811X54_H534</subfield>
    <subfield code="7">0</subfield>
    <subfield code="a">IIPA</subfield>
    <subfield code="b">IIPA</subfield>
    <subfield code="c">DISPLAY</subfield>
    <subfield code="d">2026-05-18</subfield>
    <subfield code="o">B811x54 H534</subfield>
    <subfield code="p">Gr25718</subfield>
    <subfield code="r">2026-05-18</subfield>
    <subfield code="w">2026-05-18</subfield>
    <subfield code="y">GR</subfield>
  </datafield>
</record>
